Geography Quiz

Random Geography or City Quiz

US Cities with the Most Graduate Students Quiz Stats

 Plays Quiz not verified by Sporcle

Score 0/11 Timer 03:00
0 Plays Today
Grad Students City % Correct
164,014New York
98.8%
62,299Los Angeles
96.1%
27,668Boston
95.6%
69,248 Chicago
94%
27,753San Francisco
88.8%
36,108Philadelphia
87.9%
31,125Houston
85.4%
25,027Washington
83.3%
28,031San Diego
74.2%
20,974Austin
65.3%
20,150Columbus
47.3%

You're not logged in!

Compare scores with friends on all Sporcle quizzes.
OR
Log In

You Might Also Like...

Show Comments

Extras

Top Quizzes Today


Score Distribution

Your Account Isn't Verified!

In order to create a playlist on Sporcle, you need to verify the email address you used during registration. Go to your Sporcle Settings to finish the process.

Report this User

Report this user for behavior that violates our Community Guidelines.

Details: